[Event "Mittelrhein Verbandsliga-N 17/18"]
[Site "Nordrheinwestfalen"]
[Date "2018.02.04"]
[Round "7.5"]
[White "Willms, Johannes"]
[Black "Brinkmann, Katharina"]
[Result "1/2-1/2"]
[WhiteElo "1874"]
[BlackElo "1646"]
[PlyCount "47"]
[EventDate "2017.09.10"]
[EventType "team-swiss"]
[EventRounds "11"]
[EventCountry "GER"]
[SourceTitle "EXT 2022"]
[Source "ChessBase"]
[SourceDate "2021.10.06"]
[SourceVersion "1"]
[SourceVersionDate "2021.10.06"]
[SourceQuality "1"]
[WhiteTeam "Rheinpark BSG"]
[BlackTeam "Gruenfeld"]
[WhiteTeamCountry "GER"]
[BlackTeamCountry "GER"]

1. Nf3 e6 2. e4 d5 3. e5 c5 4. c3 Nc6 5. d4 Nge7 6. Bd3 Bd7 7. dxc5 a5 8. Be3 a4 9. Na3 Na7 10. b4 axb3 11. axb3 Nec6 12. Qb1 Qc7 13. Nb5 Qd8 14. Nd6+ Bxd6 15. cxd6 h6 16. Bd4 Nxd4 17. cxd4 0-0 18. 0-0 Qb6 19. Qb2 f5 20. Rfc1 Nc6 21. Rxa8 Rxa8 22. Rc5 Nb4 23. Bf1 Ra2 24. Qc3 1/2-1/2

[Event "Mittelrhein Verbandsliga-N 17/18"]
[Site "Nordrheinwestfalen"]
[Date "2017.12.03"]
[Round "5.4"]
[White "Brochhagen, Thomas"]
[Black "Willms, Johannes"]
[Result "1-0"]
[WhiteElo "1921"]
[BlackElo "1874"]
[PlyCount "61"]
[EventDate "2017.09.10"]
[EventType "team-swiss"]
[EventRounds "11"]
[EventCountry "GER"]
[SourceTitle "EXT 2022"]
[Source "ChessBase"]
[SourceDate "2021.10.06"]
[SourceVersion "1"]
[SourceVersionDate "2021.10.06"]
[SourceQuality "1"]
[WhiteTeam "Langenfeld II"]
[BlackTeam "Rheinpark BSG"]
[WhiteTeamCountry "GER"]
[BlackTeamCountry "GER"]

1. d4 Nf6 2. Nf3 g6 3. Nbd2 d5 4. e3 Bg7 5. b4 0-0 6. c4 c6 7. a4 Bf5 8. Bb2 Nbd7 9. Qb3 Re8 10. Be2 Rc8 11. 0-0 h6 12. cxd5 cxd5 13. Rfc1 Qb6 14. a5 Qd6 15. b5 Qb8 16. Ne5 Be6 17. f4 Rxc1+ 18. Rxc1 Rc8 19. Rc3 Nxe5 20. fxe5 Ne8 21. Nb1 f6 22. Bf3 Rc4 23. Qc2 Bf5 24. Bxd5+ Kh7 25. e4 Rxc3 26. Nxc3 Bd7 27. e6 Bc8 28. Qb3 Qf4 29. Qc2 f5 30. Ne2 Nd6 31. Nxf4 1-0

[Event "Mittelrhein Verbandsliga-W 16/17"]
[Site "Nordrheinwestfalen"]
[Date "2017.01.29"]
[Round "7.7"]
[White "Baldus, Alexander"]
[Black "Willms, Johannes"]
[Result "1-0"]
[WhiteElo "1833"]
[BlackElo "1898"]
[PlyCount "63"]
[EventDate "2016.09.11"]
[EventType "team-tourn"]
[EventRounds "11"]
[EventCountry "GER"]
[SourceTitle "EXT 2022"]
[Source "ChessBase"]
[SourceDate "2021.10.06"]
[SourceVersion "1"]
[SourceVersionDate "2021.10.06"]
[SourceQuality "1"]
[WhiteTeam "Pulheim"]
[BlackTeam "Kerpen SK"]
[WhiteTeamCountry "GER"]
[BlackTeamCountry "GER"]

1. Nf3 d5 2. g3 e6 3. Bg2 f5 4. d4 Nf6 5. 0-0 Bd6 6. c4 c6 7. Nc3 0-0 8. Rb1 a5 9. a3 Ne4 10. Qc2 Bd7 11. b4 axb4 12. axb4 Be8 13. b5 Nxc3 14. Qxc3 cxb5 15. cxd5 exd5 16. Ng5 Qe7 17. Bxd5+ Kh8 18. Ne6 b4 19. Qc8 Ra5 20. Bg5 Qf7 21. Bb3 h6 22. Nxf8 Qxf8 23. Bd2 Qe7 24. Bxb4 Bxb4 25. Qxb8 Bd6 26. Qc8 Kh7 27. Be6 Bc6 28. Bxf5+ g6 29. Be6 Qg7 30. d5 Rxd5 31. Bxd5 Bxd5 32. Rfd1 1-0

[Event "Mittelrhein Verbandsliga-M 15/16"]
[Site "Nordrheinwestfalen"]
[Date "2016.05.01"]
[Round "11.4"]
[White "Kemper, Michael"]
[Black "Willms, Johannes"]
[Result "1/2-1/2"]
[WhiteElo "1901"]
[BlackElo "1898"]
[PlyCount "111"]
[EventDate "2015.09.06"]
[EventType "team-tourn"]
[EventRounds "11"]
[EventCountry "GER"]
[SourceTitle "EXT 2022"]
[Source "ChessBase"]
[SourceDate "2021.10.06"]
[SourceVersion "1"]
[SourceVersionDate "2021.10.06"]
[SourceQuality "1"]
[WhiteTeam "Dormagen SV"]
[BlackTeam "Rheinpark BSG"]
[WhiteTeamCountry "GER"]
[BlackTeamCountry "GER"]

1. e4 e6 2. d4 d5 3. Nd2 Nf6 4. e5 Nfd7 5. Bd3 c5 6. c3 b6 7. Ngf3 Ba6 8. Bxa6 Nxa6 9. 0-0 Nc7 10. Re1 Be7 11. Nf1 b5 12. Ng3 Nb6 13. Nh5 Rg8 14. Qc2 g6 15. dxc5 Nd7 16. c6 Nb8 17. Nf4 Nxc6 18. Nd3 Rb8 19. Be3 Na8 20. Rac1 Nb6 21. b3 h5 22. Qe2 a6 23. h3 Rh8 24. Nh2 Bg5 25. f4 Be7 26. Qf2 Nd7 27. Nf3 Kf8 28. g4 hxg4 29. hxg4 Bh4 30. Qg2 Bxe1 31. Rxe1 Qa5 32. b4 Qc7 33. Kf2 Ne7 34. Nc5 Nxc5 35. Bxc5 Ke8 36. Bd6 Qa7+ 37. Kg3 Rc8 38. Bc5 Qc7 39. Ng5 Kf8 40. f5 gxf5 41. gxf5 Rg8 42. Kf4 Ke8 43. Qh3 Rxg5 44. Kxg5 Nxf5 45. Qh5 Ng3 46. Qf3 Ne4+ 47. Rxe4 dxe4 48. Qxe4 Qc6 49. Qg4 Kd7 50. Kf6 Qh1 51. Kxf7 Qh7+ 52. Kf6 Qh6+ 53. Kf7 Qh7+ 54. Kf6 Qh6+ 55. Kf7 Qh7+ 56. Kf6 1/2-1/2

[Event "Mittelrhein Verbandsliga-M 15/16"]
[Site "Nordrheinwestfalen"]
[Date "2016.02.21"]
[Round "8.6"]
[White "Willms, Johannes"]
[Black "Gossmann, Jochen"]
[Result "1-0"]
[WhiteElo "1891"]
[BlackElo "1831"]
[PlyCount "119"]
[EventDate "2015.09.06"]
[EventType "team-tourn"]
[EventRounds "11"]
[EventCountry "GER"]
[SourceTitle "EXT 2022"]
[Source "ChessBase"]
[SourceDate "2021.10.06"]
[SourceVersion "1"]
[SourceVersionDate "2021.10.06"]
[SourceQuality "1"]
[WhiteTeam "Rheinpark BSG"]
[BlackTeam "Kalker/Deutzer SG"]
[WhiteTeamCountry "GER"]
[BlackTeamCountry "GER"]

1. Nf3 d6 2. d4 Nf6 3. c4 g6 4. Nc3 Bg7 5. e4 0-0 6. h3 a5 7. g4 h5 8. gxh5 Nxh5 9. Bg5 Nd7 10. Qd2 Kh7 11. 0-0-0 c5 12. d5 a4 13. a3 Ndf6 14. Be2 Rh8 15. Nh4 Kg8 16. Rdg1 Qb6 17. f4 Kf8 18. e5 Ng8 19. e6 Qb3 20. exf7 Kxf7 21. Bd3 Bxc3 22. Qxc3 Qxc3+ 23. bxc3 Nhf6 24. Bxg6+ Kg7 25. Rg3 b5 26. Bxf6+ Kxf6 27. Ng2 bxc4 28. Be4 Bf5 29. Bxf5 Kxf5 30. Rg5+ Kf6 31. Ne3 Nh6 32. Rhg1 Rhg8 33. h4 Kf7 34. Nxc4 Rab8 35. Nd2 Rxg5 36. fxg5 Nf5 37. Rg4 Ne3 38. Rxa4 Nxd5 39. Kc2 Rh8 40. Re4 e5 41. a4 Ra8 42. h5 Nf4 43. h6 Rg8 44. Nf3 Ne6 45. Rg4 Kg6 46. Rg1 e4 47. Nh4+ Kh5 48. h7 Rh8 49. g6 Ng7 50. Nf5 Nxf5 51. g7 Nxg7 52. Rxg7 Kh6 53. Rb7 d5 54. a5 d4 55. cxd4 cxd4 56. a6 Rc8+ 57. Kd1 e3 58. a7 d3 59. Rb8 e2+ 60. Kd2 1-0

[Event "Mittelrhein Verbandsliga-M 15/16"]
[Site "Nordrheinwestfalen"]
[Date "2015.09.06"]
[Round "1.5"]
[White "Pister, Gottlieb"]
[Black "Willms, Johannes"]
[Result "0-1"]
[WhiteElo "1753"]
[BlackElo "1899"]
[PlyCount "92"]
[EventDate "2015.09.06"]
[EventType "team-tourn"]
[EventRounds "11"]
[EventCountry "GER"]
[SourceTitle "EXT 2022"]
[Source "ChessBase"]
[SourceDate "2021.10.06"]
[SourceVersion "1"]
[SourceVersionDate "2021.10.06"]
[SourceQuality "1"]
[WhiteTeam "Koeln Longerich"]
[BlackTeam "Rheinpark BSG"]
[WhiteTeamCountry "GER"]
[BlackTeamCountry "GER"]

1. e4 e6 2. d4 d5 3. Nc3 Bb4 4. e5 c5 5. a3 Bxc3+ 6. bxc3 Qa5 7. Bd2 Qa4 8. Nf3 b6 9. Qb1 Ba6 10. Bxa6 Nxa6 11. 0-0 Ne7 12. Qb3 Qc6 13. a4 0-0 14. Rfb1 Rab8 15. Bc1 Qc8 16. Ba3 Nc6 17. Qb5 Rd8 18. Qd3 h6 19. Rb2 Na5 20. Nd2 Rd7 21. Rab1 Rc7 22. g3 Rc6 23. h4 cxd4 24. cxd4 Rc3 25. Qb5 Rxa3 26. c4 dxc4 27. Rc2 Nc7 28. Qb4 Qf8 29. Nxc4 Qxb4 30. Rxb4 Nxc4 31. Rbxc4 Nd5 32. Rb2 Rc3 33. Rc2 Rxc2 34. Rxc2 Rb7 35. Rc8+ Kh7 36. Kg2 h5 37. Kf3 g6 38. g4 hxg4+ 39. Kxg4 Rc7 40. Ra8 a5 41. h5 Rc4 42. hxg6+ Kxg6 43. Rg8+ Kh7 44. Rf8 Kg7 45. Rb8 Rxd4+ 46. Kg5 Rxa4 0-1

[Event "Mittelrhein Verbandsliga-W 1112"]
[Site "Germany"]
[Date "2012.04.15"]
[Round "9.7"]
[White "Willms, Johannes"]
[Black "Henning, Karl Heinz"]
[Result "1-0"]
[WhiteElo "1914"]
[BlackElo "1751"]
[PlyCount "59"]
[EventDate "2011.09.18"]
[EventType "team-tourn"]
[EventRounds "11"]
[EventCountry "GER"]
[SourceTitle "EXT 2013"]
[Source "ChessBase"]
[SourceDate "2012.11.22"]
[SourceVersion "1"]
[SourceVersionDate "2012.11.22"]
[SourceQuality "1"]
[WhiteTeam "Kerpen SK"]
[BlackTeam "Brand SF"]
[WhiteTeamCountry "GER"]
[BlackTeamCountry "GER"]

1. Nf3 c5 2. c4 Nc6 3. d4 cxd4 4. Nxd4 g6 5. e4 Bg7 6. Be3 Nf6 7. Nc3 0-0 8. Be2 b6 9. 0-0 Bb7 10. f3 e6 11. Ndb5 d5 12. cxd5 exd5 13. exd5 Nb4 14. d6 Nfd5 15. Nxd5 Nxd5 16. Bd4 Bh6 17. Qb3 a6 18. Bc4 Qg5 19. Nc7 Nxc7 20. dxc7 b5 21. Rad1 Qf4 22. a4 Qxc7 23. axb5 Rab8 24. b6 Qf4 25. Bf2 Rbd8 26. Rxd8 Rxd8 27. Re1 Qf6 28. Qa4 Qxb2 29. Re8+ Rxe8 30. Qxe8+ 1-0